Guess The NFL Player's College: Hard Edition - Statistics

General Stats
  • This quiz has been taken 165 times
  • The average score is 15 of 19
Answer Stats
Player College % Correct
Lamar Jackson Louisville
100%
Tom Brady Michigan
99%
Patrick Mahomes Texas Tech
99%
Jayden Daniels LSU
96%
Josh Allen Wyoming
96%
Jaylen Waddle Alabama
93%
Marcus Mariota Oregon
92%
Marvin Harrison Jr Ohio State
90%
Sauce Gardener Cincinnati
84%
Russell WIlson NC State/Wisconsin
83%
Mike Evans Texas A&M
83%
Deion Sanders Florida State
76%
Stefon Diggs Maryland
75%
Marshawn Lynch California
69%
Hunter Renfrow Clemson
69%
Joe Montana Notre Dame
62%
Larry Fitzgerald Pitt
62%
Richard Sherman Stanford
57%
Terry Bradshaw Louisiana Tech
45%
No matching quizzes found
Score Distribution
Percent of People with Each Score
Percentile by Number Answered
Your Score History
You have not taken this quiz